000
00505nam a2200181Ia 4500
008
090124s9999 xx 000 0 und d
082
_b
16577
100
_a
साऴोखे विलास
245
_a
मिथुन
250
_a
1
260
_b
गुरु ऊँ प्रकाशन
_c
1983
300
_a
102
600
_a
साऴोखे विलास
630
_a
मिथुन
700
_a
साऴोखे विलास
730
_a
मिथुन
942
_c
BOOK
999
_c
88793
_d
88793